000 00350nam a2200145 a 4500
001 1761486480452
003 ACL
005 20251026192010.0
008 251026s2025##################000#0#eng##
020 _a9789380032078
082 0 4 _a658.87
_bLIT
245 1 0 _aError - Book not found in Google Books :
942 _cENGLISH
040 _aACL
_beng
_cACL
999 _c594026
_d594026